000 00288nam a22001337a 4500
008 170905b xxu||||| |||| 00| 0 eng d
020 _a9780072367485
041 _aeng
080 _a070
100 _a40
101 _aMED
245 _aWORKING IT OUT
_cCLOUSE.B.F
942 _2udc
_cBK
999 _c26201
_d26201